000 01496nam0a2200337 4500
001 RU\NLR\BIBL_A\011524907
005 20260406134256.0
010 _a9785040897230
_924000
021 _aRU
_b2017-79823
_95696
035 _a(RuMoRGB)009429149
035 _a(NLR Aleph) 011524907
090 _a12114917
_c12114917
100 _a20171114d2017 c y0rusy50 ca
101 1 _arus
_cdan
102 _aRU
105 _aac z 000fy
200 1 _aСказки
_e[перевод с датского
_eдля младшего школьного возраста]
_fГ.-Х. Андерсен
_gиллюстрации Ники Гольц
210 _aМосква
_c#Эксмодетство
_cЭксмо
_d2017
215 _a73, [6] с.
_cил.
_d22
225 1 _aДружим с детства!
327 1 _aСодерж.: Принцесса на горошине; Стойкий оловянный солдатик; Новое платье короля; Девочка со спичками; Пастушка и трубочист; Свинопас; Огниво
333 _a0+
686 _aШ9(2)70(4Д)
_2rubbk
686 0 _aШ9(4Д)60-4
700 1 _7ca
_8rus
_aАндерсен
_bХ. К.
_f1805-1875
_gХанс Кристиан
_9112181
_3RU\NLR\AUTH\772165
702 1 _4440
_7ca
_8rus
_aГольц
_bН. Г.
_f1925-2012
_gНика Георгиевна
_952755
_3RU\NLR\AUTH\7769827
942 _cBOOK
980 _aNBR